Petit Bac #78 - Éléments Chimiques - Statistiques

Statistiques générales
  • Ce quiz a été pris 2 958 fois
  • Le résultat moyen est 16 sur 23
Statistiques - réponses
1ère lettre Élément % Correct
A Azote / Aluminium / Argon / Arsenic / Argent / Antimoine / Astate / Actinium / Américium
97%
C Carbone / Chlore / Calcium / Chrome / Cobalt / Cuivre / Cadmium / Césium / Copernicium / Cérium / Curium / Californium
97%
O Oxygène / Osmium / Or / Oganesson
94%
F Fluor / Fer / Francium / Flérovium / Fermium
92%
H Hydrogène / Hélium / Hafnium / Hassium / Holmium
89%
P Phosphore / Potassium / Palladium / Platine / Plomb / Polonium / Praséodyme / Prométhium / Protactinium / Plutonium
88%
S Sodium / Silicium / Soufre / Scandium / Sélénium / Strontium / Seaborgium / Samarium
86%
U Uranium
82%
B Béryllium / Bore / Brome / Baryum / Bismuth / Bohrium / Berkélium
81%
M Magnésium / Manganèse / Molybdène / Mercure / Meitnérium / Moscovium / Mendélévium
81%
I Indium / Iode / Iridium
71%
R Rubidium / Ruthénium / Rhodium / Rhénium / Radon / Radium / Rutherfordium / Roentgénium
71%
N Néon / Nickel / Niobium / Nihonium / Néodyme / Neptunium / Nobélium
69%
L Lithium / Lutécium / Lawrencium / Livermorium / Lanthane
68%
Z Zinc / Zirconium
66%
T Titane / Technétium / Tellure / Tantale / Tungstène / Thallium / Tennesse / Terbium / Thulium / Thorium
65%
X Xénon
65%
E Etain / Europium / Erbium / Einsteinium
56%
G Gallium / Germanium / Gadolinium
52%
K Krypton
46%
V Vanadium
33%
Y Yttrium / Ytterbium
30%
D Dubnium / Darmstadtium / Dysprosium
18%
Aucun quiz correspondant
Distribution des résultats
% des personnes avec chaque résultat
Percentile par nombre de réponses
Votre historique - résultats
Vous n’avez pas pris ce quiz